Word Ladder: Winter Olympics Quiz Stats

Quiz Updated Feb 16, 2018

Challenge
Share
Tweet
Embed
Score 0/44 Timer 05:00
3 Plays Today
Clue 4-Letter Word % Correct
DespiseHATE
95.6%
• Object found in Ice Hockey •• PUCK •
95.3%
Zero, in tennisLOVE
95.2%
• A match between two hockey teams •• GAME •
94.7%
PossessHAVE
94.6%
Give a hoot aboutCARE
94.4%
ArrivedCAME
93.7%
Opposite of fastSLOW
92.9%
• A set of poles to pass between in skiing •• GATE •
92.8%
• To sweep or send a stone down the ice •• CURL •
92.1%
Place to insert a coinSLOT
91.8%
Usain the Summer medalistBOLT
91.5%
• Footwear of any skiier •• BOOT •
91.4%
Oak or elm, e.g.TREE
91.3%
Aquatic birdDUCK
91.2%
WashLAVE
91.1%
Karate level indicatorBELT
90.9%
Chimney grimeSOOT
90.7%
Lewis the Track and Field medalistCARL
90.5%
Close a doorSHUT
90.3%
3, in SpanishTRES
90.1%
• ___style Skiing •• FREE •
89.8%
Clue 4-Letter Word % Correct
Time before eveningDUSK
89.3%
Pool table coveringFELT
89.1%
Lots of inchesFEET
88.3%
Check for fingerprintsDUST
87.7%
WorryFRET
87%
• Frozen need for many events •• SNOW •
86.9%
• One from a biathlete's rifle • • SHOT •
86.3%
• Relative of skeleton and bobsleigh • • LUGE •
85.3%
A type of theatre seatingLOGE
82%
Greek god of warARES
79%
• A pair, like in figure skating • • DUET •
77.8%
A dark reddish brownPUCE
75.3%
Stain on an outfitSPOT
74.9%
• Outfit worn by a speed skater •• SUIT •
74.1%
Make out, in the UKSNOG
73%
Clare Booth or Henry, e.g.LUCE
72.9%
ExpectorateSPIT
72.1%
Cozy and warmSNUG
71.9%
Animal fatSUET
71.1%
Term like dear or honSHUG
67.8%
• Type of leap in ice skating •• AXEL •
62.4%
Main lines on the Cartesian planeAXES
61.2%

Today's Daily Dose

You're not logged in!

Compare scores with friends on all Sporcle quizzes.
Sign Up with Email
OR
Log In

You Might Also Like...

Show Comments

Extras

Top Quizzes Today


Score Distribution

Your Account Isn't Verified!

In order to create a playlist on Sporcle, you need to verify the email address you used during registration. Go to your Sporcle Settings to finish the process.

Report this User

Report this user for behavior that violates our Community Guidelines.

Details: